Tous les personnages de The Quarry - Statistiques

Statistiques générales
  • Ce quiz a été pris 70 fois
    55 depuis la dernière actualisation
  • Le résultat moyen est 13 sur 18
Statistiques - réponses
Description Personnage % Correct
Monitrice Emma
93%
Moniteur Dylan
90%
Monitrice Laura
90%
Monitrice Abigail
88%
Monsieur H Chris Hackett
88%
Moniteur Jacob
88%
Moniteur Nick
88%
Moniteur Max
85%
Moniteur Ryan
83%
Monitrice Kaitlyn
78%
Le shérif Hackett Travis Hackett
76%
Membre de la famille Hackett Bobby Hackett
73%
Membre de la famille Hackett Caleb Hackett
71%
Le loup blanc Silas
68%
Membre de la famille Hackett Kaylee Hackett
56%
La folle de Hackett's Quarry Elisa Vorez
54%
Membre de la famille Hackett Constance Hackett
51%
Membre de la famille Hackett Jebediah Hackett
20%
Aucun quiz correspondant
Distribution des résultats
% des personnes avec chaque résultat
Percentile par nombre de réponses
Votre historique - résultats
Vous n’avez pas pris ce quiz depuis la dernière actualisation